| 000 | 01157njm a22002897a 4500 | ||
|---|---|---|---|
| 005 | 20010828113042.0 | ||
| 008 | 981110s1991 ii sgn tel | ||
| 010 | _aENG-92424 | ||
| 020 |
_a9788188661787 _c790.00 |
||
| 035 | _aEN-75957 | ||
| 037 | _bDBAD / PUB | ||
| 040 |
_adpl _bEnglish |
||
| 082 | _a782.0092 | ||
| 100 | _aSubrahmaniam, V. ,1934- | ||
| 245 |
_aSemmangudi Srinivasa Iyer: _blife & music / _cby V. Subrahmaniam and Sriram V. |
||
| 260 |
_aNew Delhi _bWestland _c2008 |
||
| 300 |
_avi, 142p.: _bb&w photos _c25cm (Hb) _eCD ROM |
||
| 500 | _aIncludes glossary and bibliographical references | ||
| 500 | _a"Copyright: Sri Semmangudi Srinivasa Iyer Golden Jubilee Foundation." | ||
| 500 | _a"Centenary commemoration."--Cover. | ||
| 600 |
_aIyer, Semmangudi Srinivasa _xSinger _xBiography. |
||
| 650 |
_aCarnatic music _zIndia. |
||
| 650 |
_aVocal music _zIndia. |
||
| 700 | _aSriram V., 1966- | ||
| 942 |
_2ddc _cEN _mSUB _h782.0092 |
||
| 999 |
_c20741 _d20741 |
||